Personnages de Tintin la suite - Mort subite - Statistiques

Statistiques générales
  • Ce quiz a été pris 938 fois
  • Le résultat moyen est 10 sur 15
Answers on the Grid
Answers color-coded by a green-red scale on the quiz's grid according to % correct below.
Roberto Rastapopoulos
Jolly Jumper
Sylvette
Ordralfabétix
Fantasio Fantasio
Benoît Brisefer
Dr. J. W. Müller
Nestor
Inspecteur Ficshusset
Colonel Jorgen
Colonel Olrik
Archibald Haddock
Zorrino
Rackham le rouge
Séraphin Lampion
Professeur Hippolyte Calys
Titeuf
Robert Bidochon
Colonel Moutarde
Caporal Blutch
Marsupilami
Spalding
Lanfeust
Hippolyte Bergamotte
General Tapioca
Colonel Sponz
Abdallah
Tintin
Manu Larcenet
Nestor Burma
 
Statistiques - réponses
Réponse % Correct
Tintin
89%
Rackham le rouge
83%
Archibald Haddock
81%
Roberto Rastapopoulos
78%
Nestor
76%
Abdallah
70%
General Tapioca
70%
Séraphin Lampion
68%
Dr. J. W. Müller
60%
Colonel Sponz
56%
Hippolyte Bergamotte
52%
Zorrino
51%
Professeur Hippolyte Calys
49%
Colonel Jorgen
40%
Spalding
35%
Aucun quiz correspondant
Distribution des résultats
% des personnes avec chaque résultat
Percentile par nombre de réponses
Votre historique - résultats
Vous n’avez pas pris ce quiz